| 000 | 00725cam a2200229 a 4500 | ||
|---|---|---|---|
| 001 | 4951334 | ||
| 005 | 20171211052745.0 | ||
| 008 | 960424s1996 moua b 001 0 eng | ||
| 010 | _a 96141252 | ||
| 020 | _a0815133405 | ||
| 040 |
_aDLC _cDLC _dDLC |
||
| 041 | _aeng | ||
| 080 | _a615.83 FRO | ||
| 082 | 0 | 0 |
_a616.12062 _220 |
| 100 | _a8 | ||
| 101 | _aEGF | ||
| 245 | 0 | 0 |
_aPrinciples and practice of cardiopulmonary physical therapy / _cedited by Donna Frownfelter, Elizabeth Dean. |
| 504 | _aIncludes bibliographical references and index. | ||
| 906 |
_a7 _bcbc _corignew _d2 _encip _f19 _gy-gencatlg |
||
| 942 |
_2ddc _cBK |
||
| 999 |
_c38855 _d38855 |
||